00489nam a2200157Ia 4500008004100000020001500041082000800056100001600064245002400080260007500104300002000179490001300199942001700212952008700229999001500316250529s9999 xx 000 0 und d a9991571663 aHUS aAli Hussain 0aRahfushu dhiriulhun aMale'bDhivehibahaai Thaareekhah Khidhumaiykuraa Qaumee Marukazuc1994 a222 p. ; 21 cm. vMalas 51 iHUScAD6HUS 93913aKFPLbKFPLcDHId2025-05-29l0oHUSpKL-2024-001317r2025-05-29 12:23:31yAD c3611d3611